Who Wrote this 60's Song? - Statistics

General Stats
  • This quiz has been taken 26 times
  • The average score is 13 of 31
Answer Stats
Hint Answer % Correct
These Boots Are Made for Walkin' Nancy Sinatra
90%
Imagine John Lennon
80%
It Won't Be Long The Beatles
80%
The Twist Chubby Checker
70%
Kodachrome Paul Simon
70%
Happy Together The Turtles
70%
Mellow Yellow Donovan
65%
People Are Strange The Doors
65%
Here Comes the Sun George Harrison
60%
Turn, Turn, Turn The Byrds
55%
Another Day Paul McCartney
50%
Fun, Fun, Fun The Beach Boys
50%
Runaway Del Shannon
45%
The Wreck of the Edmund Fitzgerald Gordon Lightfoot
45%
I Am A Rock Simon & Garfunkel
45%
She's A Rainbow The Rolling Stones
40%
She's Not There The Zombies
40%
Hurricane Bob Dylan
35%
The Locomotion Little Eva
35%
Dedicated Follower of Fashion The Kinks
30%
Do You Believe in Magic? The Lovin' Spoonful
25%
The Lion Sleeps Tonight The Tokens
25%
I Was Born to Cry Dion
20%
Take Good Care Of My Baby Bobby Vee
15%
Sunshine, Lollipops, and Rainbows Lesley Gore
15%
It's My Life The Animals
15%
Blue Moon The Marcels
15%
Rock Around the Clock Bill Haley and His Comets
10%
Palisades Park Freddy Cannon
10%
If You Wanna Be Happy Jimmy Soul
10%
The Chicken in Black Johnny Cash
5%
No matching quizzes found
Score Distribution
Percent of People with Each Score
Percentile by Number Answered
Your Score History
You have not taken this quiz